Biggest Seas of the Arctic Ocean - Statistics

General Stats
  • This quiz has been taken 417 times
    79 since last reset
  • The average score is 6 of 10
Answer Stats
Area Location Sea % Correct
1,400,000 Off northern coasts of Norway and Russia {Barents} Sea
77%
1,205,000 Between Greenland, Svalbard, and Iceland {Greenland} Sea
77%
987,000 North of far eastern Russia East {Siberian} Sea
66%
90,000 Between Kola and Kanin Peninsulas of northwest Russia {White} Sea
66%
926,000 Between Novaya Zemlya and Severnaya Zemlya archipelagos {Kara} Sea
64%
620,000 Between northeast Russia and northwest Alaska {Chukchi} Sea
56%
476,000 Northeast of Alaska {Beaufort} Sea
53%
662,000 Between Severnaya Zemlya and the New Siberian Islands {Laptev} Sea
46%
200,000 Between Svalbard and Franz Josef Land Queen {Victoria} Sea
41%
93,000 Between Victoria Island, Banks Island, and Canada's mainland {Amundsen} Gulf
9%
No matching quizzes found
Score Distribution
Percent of People with Each Score
Percentile by Number Answered
Your Score History
You have not taken this quiz since the last reset